NCERT at your FINGERTIPS International Relations/ (Record no. 207593)
[ view plain ]
| 000 -LEADER | |
|---|---|
| fixed length control field | 00754nam a22002057a 4500 |
| 005 - DATE AND TIME OF LATEST TRANSACTION | |
| control field | 20250304150638.0 |
| 010 ## - LCCN (DPL NO) | |
| LC control number | DEC24SC ENG-142982 ENG-143955 |
| 020 ## - INTERNATIONAL STANDARD BOOK NUMBER | |
| International Standard Book Number | 9789358709391 |
| Terms of availability | 225.00 |
| 035 ## - SYSTEM CONTROL NUMBER | |
| System control number | EN-126514 |
| 035 ## - SYSTEM CONTROL NUMBER | |
| System control number | EN-127487 |
| 037 ## - SOURCE OF ACQUISITION | |
| Source of stock number/acquisition | DBAD |
| 082 ## - DEWEY DECIMAL CLASSIFICATION NUMBER | |
| Classification number | 327 |
| Edition number | 1 |
| 100 ## - MAIN ENTRY--PERSONAL NAME | |
| Personal name | Malhotra, Raj |
| 245 ## - TITLE STATEMENT | |
| Title | NCERT at your FINGERTIPS International Relations/ |
| Statement of responsibility, etc | By Raj Malhotra |
| 260 ## - PUBLICATION, DISTRIBUTION, ETC. (IMPRINT) | |
| Place of publication, distribution, etc | New Delhi |
| Name of publisher, distributor, etc | S Chand and Company Limited |
| Date of publication, distribution, etc | 2024 |
| 270 ## - ADDRESS | |
| Address | A-27, 2nd Floor, Mohan Co-operative Industrial Estate |
| City | New Delhi |
| Postal code | 110044 |
| Electronic mail address | info@schandpublishing.com |
| Telephone number | 011-49731800 |
| 300 ## - PHYSICAL DESCRIPTION | |
| Extent | 123p. |
| Dimensions | 26cm(pb) |
| 500 ## - GENERAL NOTE | |
| General note | : For UPSC & State PSC Civil Services Examinations (Prelims + Main) |
| 942 ## - ADDED ENTRY ELEMENTS (KOHA) | |
| Source of classification or shelving scheme | Dewey Decimal Classification |
| Item type | English Books |
| Classification part | 327 |
| Call number suffix | MAL |
| Edition | 1 |
| Withdrawn status | Lost status | Not for loan | Collection code | Home library | Current library | Date acquired | Source of acquisition | Cost, normal purchase price | Full call number | Barcode | Copy number | Cost, replacement price | Koha item type |
|---|---|---|---|---|---|---|---|---|---|---|---|---|---|
| Non-fiction | Central Library | Central Library | 11/12/2024 | Delivery of Books Division | 225.00 | 327 MAL | EN-126514 | 1 | 225.00 | English Books | |||
| Non-fiction | Sarojini Nagar | Sarojini Nagar | 04/03/2025 | Delivery of Books Act Division | 225.00 | 327 MAL | EN-127487 | 1 | 225.00 | English Books |
